• 首页
  • 本馆介绍
  • 公告通知
  • 最新文献
  • 馆藏检索
  • 电子资源
  • 读者导购
  • 参考咨询
  • 我的图书馆
  • 登录
  • 详细信息显示
  • 放入我的书架
  • 预约/预借图书
  • 作者相关作品
  • 分类相关作品
  • 丛书相关作品
  • 出版社相关作品

书目信息

  • 表格格式
  • 工作单格式
  • 卡片格式
题名:
动物组织学与病理学图谱
    
 
作者: 祁保民 , 王全溪 著
分册:  
出版信息: 北京   中国农业出版社  2018
页数: 120页
开本: 26cm
丛书名: 全国高等农林院校“十三五”规划教材
单 册:
中图分类: Q954.6-43 , S852.3-43
科图分类:
主题词: 动物组织学--dong wu zu zhi xue--高等学校--教材 , 兽医学--shou yi xue--病理学--高等学校--教材
电子资源:
ISBN: 978-7-109-24031-5
000 01280nam 2200325 450
001 012001001687
005 20140108164311.0
010    @a978-7-109-24031-5@dCNY49.00
099    @aCAL 012018179727
100    @a20181121d2018 ekmy0chiy50 ea
101 0  @achi
102    @aCN@b110000
105    @aa z 000yy
106    @ar
200 1  @a动物组织学与病理学图谱@Adong wu zuzhi tai xue yu bing li xue tu pu@f祁保民, 王全溪著
210    @a北京@c中国农业出版社@d2018
215    @a120页@c彩图@d26cm
225 2  @a全国高等农林院校“十三五”规划教材@Aquan guo gao deng nong lin yuan xiao “ shi san wu ” gui hua jiao cai
300    @a国家级实验教学示范中心教材 国家级卓越农林人才教育培养计划改革试点项目教材
330    @a本书内容包括组织学、病理学典型形态学图片300多幅,收录了主要器官组织的正常结构、基本病变、器官病变以及部分疾病的特征病变。
333    @a本书适用于动物医学专业学生
410  0 @12001 @a全国高等农林院校“十三五”规划教材
606 0  @a动物组织学@Adong wu zu zhi xue@x高等学校@j教材
606 0  @a兽医学@Ashou yi xue@x病理学@x高等学校@j教材
690    @aQ954.6-43@v5
690    @aS852.3-43@v5
701  0 @a祁保民@Aqi bao min@4著
701  0 @a王全溪@Awang quan xi@4著
801  0 @aCN@b北京卓展@c20191020
905    @b1202410-4@dQ954.6-43@e251@f5
    
    动物组织学与病理学图谱/祁保民, 王全溪著.-北京:中国农业出版社,2018
    120页:彩图;26cm.-(全国高等农林院校“十三五”规划教材)
    国家级实验教学示范中心教材 国家级卓越农林人才教育培养计划改革试点项目教材.-使用对象:本书适用于动物医学专业学生
    
    ISBN 978-7-109-24031-5:CNY49.00
    本书内容包括组织学、病理学典型形态学图片300多幅,收录了主要器官组织的正常结构、基本病变、器官病变以及部分疾病的特征病变。
●
相关链接 在E读中查询图书 在五车中查询图书 在当当中查询图书 在豆瓣中查询图书


正题名:动物组织学与病理学图谱     索取号:Q954.6-43/251         预约/预借

序号 登录号 条形码 馆藏地/架位号 状态 备注
1 1202410   212024101   第二样本阅览室/ [索取号:Q954.6-43/251] 在馆    
2 1202411   212024110   第三借阅区/ [索取号:Q954.6-43/251] 在馆    
3 1202412   212024129   第三借阅区/ [索取号:Q954.6-43/251] 在馆    
4 1202413   212024138   第三借阅区/ [索取号:Q954.6-43/251] 在馆    
5 1202414   212024147   第三借阅区/ [索取号:Q954.6-43/251] 在馆    
唐山师范学院图书馆 欢迎您!
大连网信软件有限公司© 版权所有